000 00578 a2200169 4500
005 20250602120411.0
020 _a978-0-07-338147-3
082 _a658.3 NOE
100 _aNOE, R .A .
245 _aFundamentals of Human Resource Management
250 _a3rd Ed.
260 _aBoston,
_b McGraw-Hill & Irwin,
_c2009.
300 _axxxi, 527p.: ill.; figure, picture, table,
_bGlossary & index,
_c25cm.
700 _aHOLLENBECK, J . R, GERHART, B. & WRIGHT, P . M .
856 _yAccess online book
_fFundamentals of Human Resource Management
_dwww.mhhe.com
942 _2ddc
_cBKS
999 _c2101
_d2101